| 000 | 00420nam a22001697a 4500 | ||
|---|---|---|---|
| 005 | 20160625142221.0 | ||
| 008 | 160625b xxu||||| |||| 00| 0 eng d | ||
| 020 | _a1-4039-4694-9 | ||
| 041 | _aeng | ||
| 082 | _b10227 | ||
| 100 |
_aHansen, Anders and others _92787 |
||
| 245 | _aMass Communication Research Methods | ||
| 260 |
_bMac Millan _c2004 |
||
| 300 | _a331 | ||
| 650 |
_aMass Communication _92660 |
||
| 942 | _cBK | ||
| 999 |
_c4029 _d4028 |
||